000
00387nam a22001697a 4500
003
MPLRDC
005
20220104124547.0
008
210129b ||||| |||| 00| 0 eng d
020
_a
981-217-102-9
082
_a
859.4 HS v.1
100
_a
胡霜著
245
_a
皮皮学医
_c
260
_a
_b
胜友书局
_c
300
_b
平
650
_a
儿童故事
942
_c
BK
_o
859.4 HS v.1
999
_c
20322
_d
20312